000 00206nam a22000977a 4500
999 _c16005
_d16005
003 OSt
008 191025b ||||| |||| 00| 0 eng d
100 _aJoseph,Mattam.
_94467
245 _aManavatty
942 _cBK